000 00437nam a2200181Ia 4500
005 20240823042129.0
008 240823s9999||||xx |||||||||||||| ||und||
041 _aENGLISH
082 _A530.141 P1
100 _a"Hayt,William H Buck,John A"
245 0 _aEngineering Electromagnetics
250 _a6th
260 _c2001
_b"TMH,New Delhi"
500 _aTRANSFERED
650 _aPhysics
_bPhysics
942 _cBK
999 _c207144
_d207144